| 000 | 00421pab a2200169 454500 | ||
|---|---|---|---|
| 008 | 180718b2005 xxu||||| |||| 00| 0 eng d | ||
| 100 | _aSavage, Mike | ||
| 245 | _aCapitals, assets, and resources: some critical issues | ||
| 260 | _c2005 | ||
| 300 | _ap.31-47. | ||
| 362 | _aMar | ||
| 650 | _aCapital | ||
| 700 | _aDevine, Fiona | ||
| 700 | _aWarde, Alan | ||
| 773 | _aBritish Journal of Sociology | ||
| 909 | _a66217 | ||
| 999 |
_c66217 _d66217 |
||